• 首页
  • 本馆介绍
  • 公告通知
  • 最新文献
  • 馆藏检索
  • 电子资源
  • 读者导购
  • 参考咨询
  • 我的图书馆
  • 登录
  • 详细信息显示
  • 放入我的书架
  • 预约/预借图书
  • 作者相关作品
  • 分类相关作品
  • 丛书相关作品
  • 出版社相关作品

书目信息

  • 表格格式
  • 工作单格式
  • 卡片格式
题名:
聚合物结构分析
    
 
作者: 朱诚身 主编
分册:  
出版信息: 北京   科学出版社  2004
页数: 13,598页
开本: 24cm
丛书名: 华夏英才基金学术文库
单 册:
中图分类: O631.1
科图分类:
主题词: 高聚物结构--结构分析 , 高聚物结构 , 结构分析
电子资源:
ISBN: 7-03-013879-1
000 00913oam2 2200277 450
001 002723737
005 20080303091418.20
010    @a7-03-013879-1@dCNY66.00
100    @a20040913e20052004em y0chiy0110 ea
101 0  @achi
102    @aCN@b110000
105    @ay z 000yy
106    @ar
200 1  @a聚合物结构分析@Aju he wu jie gou fen xi@f朱诚身主编
210    @a北京@c科学出版社@d2004@h2005重印
215    @a13,598页@d24cm
225 2  @a华夏英才基金学术文库
330    @a本书介绍了现代仪器分析技术在高聚物结构分析中的应用,以及结构分析中所涉及的理论、思维方式、实验方法等。内容包括振动光谱与电子光谱、核磁共振与顺磁共振、热分析等。
461  0 @1001012002060130@12001 @a华夏英才基金学术文库
606 0  @a高聚物结构@x结构分析
606 0  @a高聚物结构
606 0  @a结构分析
690    @aO631.1@v4
701  0 @a朱诚身@Azhu cheng shen@4主编
801  0 @aCN@bNLC@c20080303
905    @dO631.1@e67@f4
    
    聚合物结构分析/朱诚身主编.-北京:科学出版社,2004(2005重印)
    13,598页;24cm.-(华夏英才基金学术文库)
    
    
    ISBN 7-03-013879-1:CNY66.00
    本书介绍了现代仪器分析技术在高聚物结构分析中的应用,以及结构分析中所涉及的理论、思维方式、实验方法等。内容包括振动光谱与电子光谱、核磁共振与顺磁共振、热分析等。
●
相关链接 在E读中查询图书 在五车中查询图书 在当当中查询图书 在豆瓣中查询图书


正题名:聚合物结构分析     索取号:O631.1/67         预约/预借

序号 登录号 条形码 馆藏地/架位号 状态 备注
1 0792905   207929054   第二样本阅览室/ [索取号:O631.1/67] 在馆    
2 0792906   207929063   第三借阅区/ [索取号:O631.1/67] 在馆    
3 0792907   207929072   第三借阅区/ [索取号:O631.1/67] 在馆    
4 0792908   207929081   第三借阅区/ [索取号:O631.1/67] 在馆    
唐山师范学院图书馆 欢迎您!
大连网信软件有限公司© 版权所有